000 00804cam a22002651 4500
001 2444453
003 ARRUPE
005 20160322124203.0
008 771130s1953 nyua 000 0 eng
010 _a 54038459 /L/r96
035 _a(OCoLC)ocm01148615
035 _a(NNC)2444453
040 _aDLC
_cDLC
_dZCU
050 0 0 _aPN2061
_b.R4
082 0 0 _a792.9
100 1 _aRedgrave, Michael.
_923240
245 1 4 _aThe actor's ways and means.
_cby Redgrave, Michael.
260 _aLondon
_bWilliam Heinemann
_c1953
300 _a90 p.;
_billus.
_c23 cm.
490 1 _aThe Rockefeller Foundation lectures, Dept. of Drama, University of Bristol, 1952-53
650 0 _aActing.
_923241
830 0 _aRockefeller Foundation lectures ;
_v1952-53.
_923242
942 _2lcc
_cMONOGRAPH
999 _c124447
_d124447